| 000 | 04496nam a22007815i 4500 | ||
|---|---|---|---|
| 005 | 20230718140322.0 | ||
| 006 | m|||||o||d|||||||| | ||
| 007 | cr || |||||||| | ||
| 008 | 221201t20212021gw fo d z ger d | ||
| 020 | _a9783839458327 | ||
| 040 |
_aDE-B1597 _beng _cDE-B1597 _erda |
||
| 041 | 0 | _ager | |
| 100 | 1 |
_aWisotzki, Nadine, _eauthor. _4aut _4http://id.loc.gov/vocabulary/relators/aut |
|
| 245 | 1 | 4 |
_aDie Kunst der Einfachheit : _bStandortbestimmungen in der deutschen Gegenwartsliteratur. Judith Hermann - Peter Stamm - Robert Seethaler / _cNadine Wisotzki. |
| 264 | 1 |
_aBielefeld : _btranscript Verlag, _c[2021] |
|
| 264 | 4 | _c©2021 | |
| 300 | _a1 online resource (226 p.) | ||
| 336 |
_atext _btxt _2rdacontent |
||
| 337 |
_acomputer _bc _2rdamedia |
||
| 338 |
_aonline resource _bcr _2rdacarrier |
||
| 347 |
_atext file _bPDF _2rda |
||
| 490 | 0 |
_aGegenwartsliteratur : TRSGELI ; _v10 |
|
| 505 | 0 | 0 |
_tFrontmatter -- _tInhalt -- _tVORWORT UND DANK -- _t1. SEHNSUCHT NACH EINFACHHEIT -- _tEinleitung -- _t1.1 VON DER SEHNSUCHT NACH EINEM »EINFACHEN LEBEN« -- _t1.2 DIE KUNST DER EINFACHHEIT -- _t1.3 LESARTEN DER EINFACHHEIT -- _t2. EINE KLEINE BEGRIFFSGESCHICHTE DER EINFACHHEIT -- _tEinleitung -- _t2.1 GEGENWÄRTIGE VERWENDUNGSKONTEXTE -- _t2.2 ZWISCHEN KONSTANZ UND WANDEL -- _t2.3 TYPOLOGIEN DER EINFACHHEIT -- _t3. GESTALTETE EINFACHHEIT - ZWISCHEN NORM UND FREIHEIT -- _t4. EINE ÄSTHETIK FÜR DIE GEGENWART -- _tEinleitung -- _t4.1 ALLZU EINFACHE LITERATUR -- _t4.2 JUDITH HERMANN: DER NEUHEITSCHARAKTER DER EINFACHHEIT -- _t4.3 PETER STAMM: FORTFÜHRUNG ALS REFLEKTIERTE EINFACHHEIT -- _t4.4 ZWISCHENFAZIT: SCHEINBARE EINFACHHEIT -- _t4.5 ROBERT SEETHALER: STEIGERUNGSFORMEN DER EINFACHHEIT -- _t5. SCHLUSSBEMERKUNGEN: EINFACH EINEN PUNKT SETZEN -- _tLITERATURVERZEICHNIS |
| 506 | 0 |
_funrestricted online access _2star |
|
| 520 | _a»Einfachheit« gehört zu den maßgeblichen Wertzuschreibungen der Kunst-, Kultur- und Literaturgeschichte. Nadine Wisotzki greift das mit der »Sehnsucht nach Einfachheit« einhergehende Funktionalisierungspotential auf, um dem bemerkenswerten Erfolg der Einfachheit in der deutschsprachigen Gegenwartsliteratur nachzugehen. Am Beispiel des erzählerischen Werks von Judith Hermann, Peter Stamm und Robert Seethaler fragt sie, mit welcher Intention und Qualität sich die Einfachheit hier formiert und ob es sich bei der Kunst der Reduktion um ein spezifisch für die Gegenwart relevantes Konzept handelt. Damit leistet sie einen wesentlichen Beitrag zu der noch ausstehenden literaturwissenschaftlichen Systematisierung einer »Ästhetik der Einfachheit«. | ||
| 538 | _aMode of access: Internet via World Wide Web. | ||
| 540 |
_aThis eBook is made available Open Access under a CC BY 4.0 license: _uhttps://creativecommons.org/licenses/by/4.0 _uhttps://www.degruyter.com/dg/page/open-access-policy |
||
| 546 | _aIn German. | ||
| 588 | 0 | _aDescription based on online resource; title from PDF title page (publisher's Web site, viewed 01. Dez 2022) | |
| 650 | 0 |
_aLiterature _xHistory and criticism. |
|
| 650 | 4 | _aAllgemeine Literaturwissenschaft. | |
| 650 | 4 | _aBegriffsgeschichte. | |
| 650 | 4 | _aDeutschsprachige Gegenwartsliteratur. | |
| 650 | 4 | _aErzähltechnik. | |
| 650 | 4 | _aForm. | |
| 650 | 4 | _aGermanistik. | |
| 650 | 4 | _aJudith Hermann. | |
| 650 | 4 | _aKomplexität. | |
| 650 | 4 | _aKultur. | |
| 650 | 4 | _aKulturwissenschaft. | |
| 650 | 4 | _aLiteratur. | |
| 650 | 4 | _aLiteraturwissenschaft. | |
| 650 | 4 | _aPeter Stamm. | |
| 650 | 4 | _aRobert Seethaler. | |
| 650 | 4 | _aStilistik. | |
| 650 | 4 | _aÄsthetik. | |
| 650 | 7 |
_aLITERARY CRITICISM / European / German. _2bisacsh |
|
| 653 | _aAesthetics. | ||
| 653 | _aComplexity. | ||
| 653 | _aConceptual History. | ||
| 653 | _aContemporary German Literature. | ||
| 653 | _aCultural Studies. | ||
| 653 | _aCulture. | ||
| 653 | _aForm. | ||
| 653 | _aGerman Literature. | ||
| 653 | _aJudith Hermann. | ||
| 653 | _aLiterary Studies. | ||
| 653 | _aLiterature. | ||
| 653 | _aPeter Stamm. | ||
| 653 | _aPlot Device. | ||
| 653 | _aRobert Seethaler. | ||
| 653 | _aStylistics. | ||
| 776 | 0 |
_cprint _z9783837658323 |
|
| 856 | 4 | 0 |
_uhttps://doi.org/10.1515/9783839458327?locatt=mode:legacy _zOpen Access _70 |
| 856 | 4 | 0 |
_uhttps://www.degruyter.com/isbn/9783839458327 _zOpen Access _70 |
| 856 | 4 | 2 |
_3Cover _uhttps://www.degruyter.com/document/cover/isbn/9783839458327/original |
| 942 | _cE-BOOK | ||
| 999 |
_c70447 _d70446 |
||